000 00954 a2200217 4500
005 20260407121944.0
008 260407b |||||||| |||| 00| 0 eng d
020 _a9789349010437 (hbk)
037 _cTB
040 _aCRL
_cCRL
041 _2hin
_ahin
084 _aY33:1'C 152R5
_qCRL
100 _aकुमार, मनोज
_91116170
245 _aगुप्तकालीन ग्रामीण जन - जीवन:
_bएक ऐतिहासिक अध्ययन
260 _aनई दिल्ली, भारत:
_bसंजय प्रकाशन,
_c2025.
300 _a146पृ.
650 _aसमाज शास्त्र
650 _aग्रामीण जन - जीवन
_91234226
942 _cTB
_2CC
_hY33:1'C 152R5
999 _c1679941
_d1679941